000 00581nam a2200205Ia 4500
003 OSt
005 20230411121206.0
008 210423s2006 xx 000 0 und d
020 _a8185502196
040 _cAL
041 _aeng
082 _a614.1
_223
_b RAMA
100 _aRAMACHANDRAN (A);CHANDRAN (M R).
_978264
245 _aShort text book of forensic medicine and toxicology.
260 _aNew Delhi
_bAll India Publishers and Distributors
_c2006
300 _a239
_bPB
365 _b125
_cINR
906 _aforensic ; medicine ; Short ; toxicology.
942 _2ddc
_cBK
999 _c154131
_d154131